Vyhliadka a vinárstvo, Pezinok
Guardado en:
| Autor principal: | |
|---|---|
| Otros Autores: | |
| Formato: | Manuscrito Libro |
| Lenguaje: | eslovaco |
| Publicado: |
2024
|
| Materias: | |
| Acceso en línea: | http://is.stuba.sk/zp/portal_zp.pl?podrobnosti=155642 |
| Etiquetas: |
Sin Etiquetas, Sea el primero en etiquetar este registro!
|
MARC
| LEADER | 00000ntm a22000003a 4500 | ||
|---|---|---|---|
| 001 | stuzp94619 | ||
| 003 | SK-STU | ||
| 005 | 20240615210348.4 | ||
| 007 | ta | ||
| 008 | 150427s2015----xo-----f-mn---000-0-slo-d | ||
| 040 | |a STU |b slo | ||
| 041 | 0 | |a slo | |
| 100 | 1 | |a Horváthová, Katarína |u 055150 |4 aut |U FAD Fakulta architektúry a dizajnu |T FAD Ústav interiéru a výstavníctva |X 103574 |U A5150 |Y 396 |7 103574 | |
| 242 | 0 | 1 | |a Lookout and winary, Pezinok |y eng |
| 245 | 1 | 0 | |a Vyhliadka a vinárstvo, Pezinok |
| 260 | |c 2024 | ||
| 650 | 4 | |a drevo |2 slo | |
| 650 | 4 | |a vinohrady |2 slo | |
| 650 | 4 | |a vyhliadka a vinárstvo |2 slo | |
| 650 | 4 | |a svahovitý terén |2 slo | |
| 650 | 4 | |a železobetón |2 slo | |
| 650 | 4 | |a sloping terrain |2 eng | |
| 650 | 4 | |a wood |2 eng | |
| 650 | 4 | |a reinforced concrete |2 eng | |
| 650 | 4 | |a vineyards |2 eng | |
| 650 | 4 | |a lookout and winary |2 eng | |
| 700 | 1 | |a Salcer, Igor |u 055150 |k Z8 |4 ths |U FAD Fakulta architektúry a dizajnu |T FAD Ústav interiéru a výstavníctva |X 29139 |U A5150 |Y 396 |7 A000029139 | |
| 856 | 4 | |u http://is.stuba.sk/zp/portal_zp.pl?podrobnosti=155642 | |